Surviving a space disaster : Apollo 13 / Benjamin ... Read More
Available copies
- 0 of 1 copy available at LARL/NWRL Consortium.
- 0 of 1 copy available at Lake Agassiz Regional Library. (Show preferred library)
Current holds
0 current holds with 1 total copy.
Show Only Available Copies
| Location | Call Number / Copy Notes | Barcode | Shelving Location | Status | Due Date |
|---|---|---|---|---|---|
| Fosston Public Library | J 629.454 TUN (Text) | 33500013058862 | Main | Checked out | 07/14/2026 |
Record details
- ISBN: 9781541523500
- ISBN: 1541523504
- Physical Description: 32 pages : illustrations (chiefly color) ; 24 cm.
- Publisher: Minneapolis : Lerner Publications, [2019]
- Copyright: ©2019
Content descriptions
| Bibliography, etc. Note: | Includes bibliographical references and index. |
| Formatted Contents Note: | The mission plan -- Houston, we've had a problem! ... Read More |
| Summary, etc.: | "Through vivid storytelling, this book tells the ... Read More |
| Target Audience Note: | Ages 8-12. Grades 4 to 6. |
Search for related items by subject
| Genre: | Juvenile works. |
Search for related items by series
| LDR | 02888cam a2200637 i 4500 | ||
|---|---|---|---|
| 001 | 317859 | ||
| 003 | LARL_NWRL_CONSORTIUM | ||
| 005 | 20190503134629.0 | ||
| 008 | 180314t20192019mnua j b 001 0 eng c | ||
| 010 | . | ‡a 2018010702 | |
| 040 | . | ‡aNJQ/DLC ‡beng ‡erda ‡cDLC ‡dOCLCF ‡dYDX ‡dFM0 ‡dDLC ‡dOCLCO ‡dNEPCL ‡dBDX | |
| 019 | . | ‡a1043864390 ‡a1081174627 | |
| 020 | . | ‡a9781541523500 ‡q(lb : alk. paper) | |
| 020 | . | ‡a1541523504 | |
| 035 | . | ‡a(OCoLC)1029086842 ‡z(OCoLC)1043864390 ‡z(OCoLC)1081174627 | |
| 042 | . | ‡apcc | |
| 043 | . | ‡an-us--- | |
| 082 | 0 | 4. | ‡a629.45/4 |
| 100 | 1 | . | ‡aTunby, Benjamin, ‡d1978- ‡eauthor. |
| 245 | 1 | 0. | ‡aSurviving a space disaster : ‡bApollo 13 / ‡cBenjamin Tunby. |
| 264 | 1. | ‡aMinneapolis : ‡bLerner Publications, ‡c[2019] | |
| 264 | 4. | ‡c©2019 | |
| 300 | . | ‡a32 pages : ‡billustrations (chiefly color) ; ‡c24 cm. | |
| 336 | . | ‡atext ‡2rdacontent | |
| 337 | . | ‡aunmediated ‡2rdamedia | |
| 338 | . | ‡avolume ‡2rdacarrier | |
| 490 | 0 | . | ‡aThey survived |
| 521 | 1 | . | ‡aAges 8-12. |
| 521 | 2 | . | ‡aGrades 4 to 6. |
| 520 | . | ‡a"Through vivid storytelling, this book tells the story of the Apollo 13 mission and includes survival tips and information about pop culture surrounding the event."-- ‡cProvided by publisher. | |
| 504 | . | ‡aIncludes bibliographical references and index. | |
| 505 | 0 | . | ‡aThe mission plan -- Houston, we've had a problem! -- Avoiding disaster -- A successful failure -- Surviving deadly situations. |
| 610 | 2 | 0. | ‡aApollo 13 (Spacecraft) ‡vJuvenile literature. |
| 610 | 2 | 0. | ‡aProject Apollo (U.S.) ‡vJuvenile literature. |
| 610 | 2 | 7. | ‡aApollo 13 (Spacecraft) ‡2fast ‡0(LARL_NWRL_CONSORTIUM)8322 |
| 610 | 2 | 7. | ‡aProject Apollo (U.S.) ‡2fast ‡0(LARL_NWRL_CONSORTIUM)7274 |
| 610 | 2 | 4. | ‡aApollo 13 (Spacecraft) ‡vJuvenile literature. |
| 610 | 2 | 4. | ‡aProject Apollo (U.S.) ‡vJuvenile literature. |
| 650 | 0. | ‡aSpace vehicle accidents ‡zUnited States ‡vJuvenile literature. | |
| 650 | 0. | ‡aSpace flight to the moon ‡vJuvenile literature. ‡0(LARL_NWRL_CONSORTIUM)167513 | |
| 650 | 0. | ‡aSurvival ‡vJuvenile literature. | |
| 650 | 7. | ‡aSpace flight to the moon. ‡2fast ‡0(LARL_NWRL_CONSORTIUM)31618 | |
| 650 | 7. | ‡aSpace vehicle accidents. ‡2fast ‡0(LARL_NWRL_CONSORTIUM)14173 | |
| 650 | 7. | ‡aSurvival. ‡2fast ‡0(LARL_NWRL_CONSORTIUM)176193 | |
| 651 | 7. | ‡aUnited States. ‡2fast ‡0(LARL_NWRL_CONSORTIUM)178480 | |
| 650 | 1. | ‡aSurvival ‡vJuvenile literature. | |
| 650 | 4. | ‡aSpace flight to the moon ‡vJuvenile literature. ‡0(LARL_NWRL_CONSORTIUM)167513 | |
| 650 | 4. | ‡aSpace vehicle accidents ‡zUnited States ‡vJuvenile literature. | |
| 655 | 7. | ‡aJuvenile works. ‡2fast | |
| 776 | 0 | 8. | ‡iOnline version: ‡aTunby, Benjamin, author. ‡tSurviving a space disaster ‡dMinneapolis : Lerner Publications, [2018] ‡z9781541525597 ‡w(DLC) 2018012791 |
| 901 | . | ‡a317859 ‡b ‡c317859 ‡tbiblio | |

Add to basket
Permalink
Disable Highlighting